Normal view
MARC view
Entry Topical Term
001 - CONTROL NUMBER
- control field: 588403
003 - CONTROL NUMBER IDENTIFIER
- control field:
005 - DATE AND TIME OF LATEST TRANSACTION
- control field: 20210603105431.0
008 - FIXED-LENGTH DATA ELEMENTS
- fixed length control field: 210603|| aca||aabn | a|a d
040 ## - CATALOGING SOURCE
- Original cataloging agency:
- Transcribing agency:
150 ## - HEADING--TOPICAL TERM
- Topical term or geographic name entry element: Food relief
- Geographic subdivision: Chile
670 ## - SOURCE DATA FOUND
- Source citation: Work cat.: (): Harbert, Lloyd 1953- 588402, Food distribution and nutrition intervention :, c1982
